Indian Cases in Organizational Behaviour (Record no. 13292)

MARC details
000 -LEADER
fixed length control field 00473nam a22001937a 4500
003 - CONTROL NUMBER IDENTIFIER
control field OSt
008 - FIXED-LENGTH DATA ELEMENTS--GENERAL INFORMATION
fixed length control field 250416b |||||||| |||| 00| 0 eng d
020 ## - INTERNATIONAL STANDARD BOOK NUMBER
International Standard Book Number 9788119847112
082 ## - DEWEY DECIMAL CLASSIFICATION NUMBER
Classification number 658.5 JOI
100 ## - MAIN ENTRY--PERSONAL NAME
Personal name JOY,Simy
245 ## - TITLE STATEMENT
Title Indian Cases in Organizational Behaviour
250 ## - EDITION STATEMENT
Edition statement 1st Ed
260 ## - PUBLICATION, DISTRIBUTION, ETC. (IMPRINT)
Place of publication, distribution, etc New Delhi
Name of publisher, distributor, etc Pearson
Date of publication, distribution, etc 2024
300 ## - PHYSICAL DESCRIPTION
Extent 127
650 ## - SUBJECT ADDED ENTRY--TOPICAL TERM
Topical term or geographic name as entry element Organizational Behaviour
700 ## - ADDED ENTRY--PERSONAL NAME
Personal name ANAND,Payal
700 ## - ADDED ENTRY--PERSONAL NAME
Personal name RAJEEN,Priya Nair
942 ## - ADDED ENTRY ELEMENTS (KOHA)
Source of classification or shelving scheme Dewey Decimal Classification
Koha item type Text Books
Holdings
Withdrawn status Lost status Source of classification or shelving scheme Damaged status Not for loan Collection code Home library Current library Date acquired Source of acquisition Currency Cost, normal purchase price Bill Number Total Checkouts Full call number Acc. no. / Barcode Date last seen Actual Cost, discounted price Bill Date Koha item type
    Dewey Decimal Classification     MBA PIET C-LIBRARY PIET C-LIBRARY 04/04/2025 Zaffa Books INR 320.00 ZBD0013   658.3 JOI 39074 16/04/2025 217.60 25/03/2025 Reference Books
    Dewey Decimal Classification     MBA PIET C-LIBRARY PIET C-LIBRARY 04/04/2025 Zaffa Books INR 320.00 ZBD0013   658.3 JOI 39075 16/04/2025 217.60 25/03/2025 Text Books
    Dewey Decimal Classification     MBA PIET C-LIBRARY PIET C-LIBRARY 04/04/2025 Zaffa Books INR 320.00 ZBD0013   658.3 JOI 39076 16/04/2025 217.60 25/03/2025 Text Books
    Dewey Decimal Classification     MBA PIET C-LIBRARY PIET C-LIBRARY 04/04/2025 Zaffa Books INR 320.00 ZBD0013   658.3 JOI 39077 16/04/2025 217.60 25/03/2025 Text Books
    Dewey Decimal Classification     MBA PIET C-LIBRARY PIET C-LIBRARY 04/04/2025 Zaffa Books INR 320.00 ZBD0013   658.3 JOI 39078 16/04/2025 217.60 25/03/2025 Text Books

Design & Developed by: PIET Central Library
R70 Miles Stone Pattikalyana Samalkha Panipat 132102
mail ID :- [email protected], Phone No:- 0180-2569700 Ex.216